Business strategy formulation for a local conglomerate : Wing Tai /
Saved in:
| Main Author: | |
|---|---|
| Format: | Thesis Book |
| Language: | English |
| Published: |
1992.
|
| Subjects: | |
| Tags: |
Add Tag
No Tags, Be the first to tag this record!
|
| LEADER | 00850cam a2200253 a 4500 | ||
|---|---|---|---|
| 001 | u332896 | ||
| 003 | SIRSI | ||
| 008 | 930908s1992 si v 00 1 eng m | ||
| 035 | |a ABP-7002 | ||
| 040 | |a UMM | ||
| 090 | |a HD30.28 |b Yon | ||
| 100 | 1 | 0 | |a Yong, Shan Chi. |
| 245 | 1 | 0 | |a Business strategy formulation for a local conglomerate : |b Wing Tai / |c Yong Shan Chi. |
| 260 | |c 1992. | ||
| 300 | |a 99 leaves : |c ill. ; |c 30 cm. | ||
| 500 | |a Photocopy. | ||
| 502 | |a Dissertation (M.B.A.) -- National University of Singapore, 1992. | ||
| 504 | |a Bibligraphy: leaves 51-52. | ||
| 610 | 2 | 0 | |a Wing Tai Group. |
| 650 | 0 | |a Strategic planning |z Singapore |x Case studies. | |
| 650 | 0 | |a Corporations |z Singapore |x Case studies. | |
| 948 | |a 08/09/1993 |b 20/08/2002 | ||
| 596 | |a 1 | ||
| 999 | |a HD30.28 YON |w LC |c 1 |i A504466528 |d 18/4/2002 |l STACKS |m P01UTAMA |n 5 |r Y |s Y |t TESIS |u 29/10/1993 | ||
